Normal view
MARC view
Entry Personal Name
001 - CONTROL NUMBER
- control field: 26284
003 - CONTROL NUMBER IDENTIFIER
- control field: Doon University
005 - DATE AND TIME OF LATEST TRANSACTION
- control field: 20260211163512.0
008 - FIXED-LENGTH DATA ELEMENTS
- fixed length control field: 260211|| aca||aabn | a|a d
040 ## - CATALOGING SOURCE
- Original cataloging agency: Doon University
- Transcribing agency: Doon University
100 ## - HEADING--PERSONAL NAME
- Personal name: Poonia, Asha
670 ## - SOURCE DATA FOUND
- Source citation: Work cat.: (Doon University)60330: Sheoran, Sanjay b 26282, Animal Behaviour And Wildlife Conservation , 2023